000 00841nam a2200229Ia 4500
003 GCL
008 140319s9999 xx 000 0 ara d
040 _aGCL /
_cGCL
082 0 4 _a027.625
_bس خ
100 1 _aالسيد احمد صقر
245 1 0 _aالخدمة المكتبية العامة للاطفال /
_cالسيد احمد صقر
700 1 _aابن قتيبة الدينورى : ابو محمد عبد الله بن مسلم
700 1 _aسهير احمد محفوظ
260 _aالقاهرة :
_bمكتبة زهراء الشرق ،
_c1997
300 _a216 ص ؛
_c22 سم
490 _aمكتبة أبن قتيبة
_v0
650 0 4 _aمكتبات الاطفال
650 0 4 _aالخدمة المكتبية
650 0 4 _aالقران - الفاظ
650 0 4 _aالمكتبات - موظفون
942 _2ddc
_cBK
999 _c54872
_d54872